00631nam a2200157Ia 4500008004100000082001900041100002800060245003700088260003800125300000900163630001800172650012900190942000900319952012800328999001700456211109s9999||||xx |||||||||||||| ||und|| a894.812bPAR-M aParameshwaran Nair, P K 0aMalayalaniroopanam Prambhakattam bUnknown PublisheraNo Placec2000 a245p xGeneral Stack aLiterature & rhetoricvLiteratures of other languagesxAltaic, Uralic, Hyperborean & Dravidianmalayalam literature Generalia cBOOK 00104070aSBCLbSBCLc2d2021-11-09g25.00l2o894.812 PAR-Mp00098710r2025-08-19 14:55:24s2025-08-11w2021-11-09yBOOK c55965d55965